Calciatori del Milan nel FIFA FIFPro World XI - Statistics

Statistiche generali
  • Questo quiz è stato fatto 39 volte
  • Il punteggio medio è 8 su 9
Statistiche sulle risposte
Numero apparizioni Edizioni apparizioni Nazione Calciatore % Corretto
3 2006; 2007; 2008 Brasile Kakà
100%
1 2005 Ucraina Andrij Schevchenko
97%
1 2005 Italia Paolo Maldini
97%
1 2005 Brasile Cafu
94%
1 2006 Italia Andrea Pirlo
85%
1 2005 Brasile Dida
85%
2 2005, 2007 Itala Alessandro Nesta
82%
1 2021 Italia Gianluigi Donnarumma
79%
1 2017 Italia Loenardo Bonucci
64%
Nessun quiz corrispondente trovato
Distribuzione punteggi
Percentuale di utenti per punteggio
Percentile per numero di risposta
I tuoi punteggi nel tempo
Non hai fatto questo quiz